Hạt nước hạt vàng : Tiểu thuyết

Guardat en:
Dades bibliogràfiques
Autor principal: Kerbaev, Berdy
Format: Llibre
Idioma:Undetermined
Publicat: Hà Nội Lao Động 1979
Matèries:
Etiquetes: Afegir etiqueta
Sense etiquetes, Sigues el primer a etiquetar aquest registre!
Thư viện lưu trữ: Trung tâm Học liệu Trường Đại học Cần Thơ
LEADER 00576nam a2200193Ia 4500
001 CTU_32577
008 210402s9999 xx 000 0 und d
082 |a 891.73 
082 |b K39 
100 |a Kerbaev, Berdy 
245 0 |a Hạt nước hạt vàng : 
245 0 |b Tiểu thuyết 
245 0 |c Berdy Kerbaev ; Đức Hạnh (dịch) 
260 |a Hà Nội 
260 |b Lao Động 
260 |c 1979 
650 |a Russian literature,Russian fiction,Văn học Nga 
904 |i Qhieu sửa 
980 |a Trung tâm Học liệu Trường Đại học Cần Thơ